000 00748cab a2200265 4500
001 ABS49571
008 090401t1993 xxu||||| |||| 00| 0 eng d
035 _a(Sirsi) u71833
041 _aeng
100 _aBrown, P.
245 _aValuing short leasehold interests
260 _c1993
350 _a0
490 _aIRRV Journal
_vOctober 1993, 242-245(4)
520 _aCovers a number of valuation techniques including, dual rate, single rate and variable profit rents.
650 _aANNUAL EQUIVALENT METHOD
650 _aDUAL RATE BASIS
650 _aLEASES
650 _aSHORT LEASEHOLDS
650 _aSINKING FUND METHOD
650 _aVALUATION METHODS
690 _aRATING AND VALUATION
942 _n0
948 _c04/03/1997
999 _c45314
_d45314